000 00556nam a22002177a 4500
003 UA-OsUOA
001 54422
007 ta
008 20080611b un ||||| |||| 00| 0 ukr d
090 _a908(477.81)
_bО-78
942 _cBR
040 _aUA-OsUOA
_bukr
_cUA-OsUOA
_dUA-OsUOA
245 _aОстрозька та Києво-Могилянська академії
300 _a27 с.
955 _a2
041 _aukr
080 _a908(477.81)
260 _aОстрог
_c2004
650 7 _a908 Краєзнавство
_2UDC
999 _c340231
_d340231